Score 0/17 Timer 04:00
0 Plays Today
Annual Usage (2010/11) Railway Station % Correct
11.8mLiverpool Lime Street
93.5%
26.3mLondon King's Cross
93.3%
21.3mManchester Piccadilly
91.6%
91.8mLondon Waterloo
90.9%
34.1mLondon Euston
89.2%
24.7mBirmingham New Street
88.9%
25.0mGlasgow Central
86.8%
32.2mLondon Paddington
86.2%
73.6mLondon Victoria
84.8%
Annual Usage (2010/11) Railway Station % Correct
20.0mEdinburgh Waverley
84.5%
22.0mLondon St. Pancras
82.1%
24.5mLeeds
75.6%
55.8mLondon Liverpool Street
75.2%
51.5mLondon Bridge
69.5%
37.2mLondon Charing Cross
67.2%
16.7mLondon Fenchurch Street
57.3%
20.5mLondon Cannon Street
52.2%

You're not logged in!

Compare scores with friends on all Sporcle quizzes.
OR
Log In

Sporcle TV

Today on Sporcle TV


Watch our educational content, quiz creation guides, and fun videos on Sporcle TV.

Show Comments

Extras

Top Quizzes Today


Score Distribution

Paid Content

Your Account Isn't Verified!

In order to create a playlist on Sporcle, you need to verify the email address you used during registration. Go to your Sporcle Settings to finish the process.

Report this User

Report this user for behavior that violates our Community Guidelines.

Details: